| 000 | 00504cam a22002171 4500 | ||
|---|---|---|---|
| 001 | sa 68015738 | ||
| 003 | DLC | ||
| 005 | 20260227112646.0 | ||
| 008 | 941010q19651966np 000 0 newo | ||
| 010 | _asa 68015738 | ||
| 025 | _aPL480:N-506 | ||
| 035 | _a(OCoLC)31253162 | ||
| 040 |
_aDLC _cCU _dCU _dDLC |
||
| 042 | _apremarc | ||
| 050 | 0 | 0 |
_aPL3801.N56 _bL3 |
| 245 | 0 | 0 | _aLāyalāmā. |
| 260 | _c[1965 or 6] | ||
| 300 |
_a76 p. _c18 cm. |
||
| 500 | _aIn Newari. | ||
| 650 | 0 | _aNewari literature. | |
| 999 |
_c86650 _d86650 |
||